000 00702cam a22001934a 4500
005 20250605164346.0
008 250528s ||||||||||||||||||||||||d
035 _a23868
040 _aGR-AtMCL
_bgre
_dGR-AtMCL
_eAACR2
245 1 _aGaze Aversion in Children / Equal Opportunities Award, Tourette's Syndrome
260 _c2004
300 _a55
520 _aPsychology in Vietnam, Autism in Northern Ireland: The Tragedy and the Shame, Gilles de la Tourette's Syndrome, More Sex Please - We're Psychologists, Don't Look Now... I'm Trying to Think.
700 1 _aSutton Jon
_99351
942 _cCR
710 2 _aThe British Psychological Society
_99823
999 _c8787
_d8787